000
00187 a2200097 4500
020
_a
9780153132995
041
_a
spa
100
_a
Alma Flor Ada
245
_a
Ritmos y Fiestas
942
_c
BK
999
_c
16091
_d
16091